<?xml version="1.0" encoding="UTF-8"?>
<marc:record xmlns:marc="http://www.loc.gov/MARC21/slim">
   <marc:leader>00000nam a2200000 a 4500</marc:leader>
   <marc:datafield ind1="1" ind2=" " tag="100">
      <marc:subfield code="a">Springer, Nancy</marc:subfield>
      <marc:subfield code="4">aut</marc:subfield>
      <marc:subfield code="e">Verfasser/-in</marc:subfield>
   </marc:datafield>
   <marc:datafield ind1="0" ind2="0" tag="245">
      <marc:subfield code="a">Der Fall des verschwundenen Lords</marc:subfield>
   </marc:datafield>
   <marc:datafield ind1=" " ind2="1" tag="264">
      <marc:subfield code="b">Knesebeck</marc:subfield>
      <marc:subfield code="c">2022</marc:subfield>
   </marc:datafield>
   <marc:datafield ind1="1" ind2=" " tag="490">
      <marc:subfield code="a">Ein Enola-Holmes-Krimi</marc:subfield>
   </marc:datafield>
   <marc:datafield ind1="1" ind2=" " tag="520">
      <marc:subfield code="a">England im Jahre 1888: Die 14-jährige Enola Holmes ist die kleine Schwester des berühmten Sherlock Holmes. Die zähe Ich-Erzählerin ist schon recht selbstständig. Die Mutter verschwindet. Ihr 20 Jahre älterer Bruder Sherlock und ihr Bruder Mycroft vermuten, dass sie freiwillig ging. Doch Enola kann dies nicht akzeptieren. Sie haut ab und macht sich gegen den Willen ihrer Brüder auf bis nach London, um ihren Spuren zu folgen ... Der Text enthält Codes, die am Schluss aufgelöst werden. Die Autorin vermischt altbekannte Figuren mit ihren eigens erfundenen, dies in Kombination mit ihrer kurzweiligen Sprache und dem historischen Bezug macht das Buch m.E. recht einzigartig.</marc:subfield>
   </marc:datafield>
   <marc:datafield ind1=" " ind2=" " tag="020">
      <marc:subfield code="a">9783957282606</marc:subfield>
      <marc:subfield code="9">9783957282606</marc:subfield>
   </marc:datafield>
</marc:record>
